<?xml version="1.0" encoding="UTF-8"?>
<record
    xmlns:xsi="http://www.w3.org/2001/XMLSchema-instance"
    xsi:schemaLocation="http://www.loc.gov/MARC21/slim http://www.loc.gov/standards/marcxml/schema/MARC21slim.xsd"
    xmlns="http://www.loc.gov/MARC21/slim">

  <leader>01739nam a22002057b 4500</leader>
  <controlfield tag="005">20240919132932.0</controlfield>
  <controlfield tag="008">240902b        sa ||||| |||| 00| 1 eng d</controlfield>
  <datafield tag="020" ind1=" " ind2=" ">
    <subfield code="a">9781787630307</subfield>
    <subfield code="q">pbk</subfield>
  </datafield>
  <datafield tag="040" ind1=" " ind2=" ">
    <subfield code="a">RDA</subfield>
    <subfield code="c">OCLC</subfield>
  </datafield>
  <datafield tag="041" ind1=" " ind2=" ">
    <subfield code="2">E</subfield>
  </datafield>
  <datafield tag="082" ind1=" " ind2=" ">
    <subfield code="a">EF KINS</subfield>
  </datafield>
  <datafield tag="100" ind1=" " ind2=" ">
    <subfield code="a">Kinsella, Sophie</subfield>
    <subfield code="9">125300</subfield>
  </datafield>
  <datafield tag="245" ind1=" " ind2=" ">
    <subfield code="a">The party crasher</subfield>
    <subfield code="c">by Sophie Kinsella</subfield>
  </datafield>
  <datafield tag="260" ind1=" " ind2=" ">
    <subfield code="a">London;</subfield>
    <subfield code="b">Bantam Press;</subfield>
    <subfield code="c">2021.</subfield>
  </datafield>
  <datafield tag="300" ind1=" " ind2=" ">
    <subfield code="a">315 pages;</subfield>
    <subfield code="c">24 cm.</subfield>
  </datafield>
  <datafield tag="500" ind1=" " ind2=" ">
    <subfield code="a">Effie's still not over her parents splitting up a year ago. Her dad and his new girlfriend are posting their PDAs all over Instagram - and no one should have to deal with photos of their dad with the hashtags #viagraworks and #sexinyoursixties. Now they're selling the beloved family home and holding a 'house-cooling' party. When Effie receives only a last-minute 'anti-invitation', she decides to give it a miss.
 
Until she remembers her precious Russian dolls, safely tucked away up a chimney. She'll have to go back for them - but not as a guest. She'll just creep in, grab the dolls and make a swift exit. No one will know she was ever there.
 
Of course, nothing goes to plan. Not only does Effie bump into her ex-boyfriend (who she's very much not over), she can't find the dolls. And as she secretly clambers around dusty attics, hides under tables and mournfully eyes up the dessert table, she discovers unexpected truths about her family - and even about herself.
 
With time (and hiding places) running out, Effie starts to wonder if she'd be better off simply crashing the party. Perhaps that's the only way to find out what's really going on with her family ...</subfield>
  </datafield>
  <datafield tag="650" ind1=" " ind2=" ">
    <subfield code="a">Romance fiction</subfield>
    <subfield code="9">180302</subfield>
  </datafield>
  <datafield tag="942" ind1=" " ind2=" ">
    <subfield code="w">174</subfield>
    <subfield code="x">Sanet Schoeman</subfield>
    <subfield code="y">375</subfield>
    <subfield code="z">Rosinah Mosako</subfield>
  </datafield>
  <datafield tag="942" ind1=" " ind2=" ">
    <subfield code="2">ddc</subfield>
    <subfield code="c">BOOK</subfield>
  </datafield>
  <datafield tag="999" ind1=" " ind2=" ">
    <subfield code="c">766979</subfield>
    <subfield code="d">766978</subfield>
  </datafield>
  <datafield tag="952" ind1=" " ind2=" ">
    <subfield code="0">0</subfield>
    <subfield code="1">0</subfield>
    <subfield code="2">ddc</subfield>
    <subfield code="4">0</subfield>
    <subfield code="7">0</subfield>
    <subfield code="8">F</subfield>
    <subfield code="a">STANRL</subfield>
    <subfield code="b">NTHOL</subfield>
    <subfield code="c">FIC</subfield>
    <subfield code="d">2024-09-02</subfield>
    <subfield code="g">319.95</subfield>
    <subfield code="l">0</subfield>
    <subfield code="o">EF KINS</subfield>
    <subfield code="p">33228031152364</subfield>
    <subfield code="r">2024-09-02</subfield>
    <subfield code="w">2024-09-02</subfield>
    <subfield code="y">BOOK</subfield>
  </datafield>
  <datafield tag="952" ind1=" " ind2=" ">
    <subfield code="0">0</subfield>
    <subfield code="1">0</subfield>
    <subfield code="2">ddc</subfield>
    <subfield code="4">0</subfield>
    <subfield code="7">0</subfield>
    <subfield code="8">F</subfield>
    <subfield code="a">STANRL</subfield>
    <subfield code="b">THISL</subfield>
    <subfield code="c">FIC</subfield>
    <subfield code="d">2024-09-02</subfield>
    <subfield code="g">319.95</subfield>
    <subfield code="l">0</subfield>
    <subfield code="o">EF KINS</subfield>
    <subfield code="p">33228031152365</subfield>
    <subfield code="r">2024-09-02</subfield>
    <subfield code="w">2024-09-02</subfield>
    <subfield code="y">BOOK</subfield>
  </datafield>
  <datafield tag="952" ind1=" " ind2=" ">
    <subfield code="0">0</subfield>
    <subfield code="1">0</subfield>
    <subfield code="2">ddc</subfield>
    <subfield code="4">0</subfield>
    <subfield code="7">0</subfield>
    <subfield code="8">F</subfield>
    <subfield code="a">STANRL</subfield>
    <subfield code="b">SECL</subfield>
    <subfield code="c">FIC</subfield>
    <subfield code="d">2024-09-02</subfield>
    <subfield code="g">319.95</subfield>
    <subfield code="l">0</subfield>
    <subfield code="o">EF KINS</subfield>
    <subfield code="p">33228031152405</subfield>
    <subfield code="r">2024-09-02</subfield>
    <subfield code="w">2024-09-02</subfield>
    <subfield code="y">BOOK</subfield>
  </datafield>
</record>
